000
00283nam a22001337a 4500
008
180226b xxu||||| |||| 00| 0 eng d
020
_a
9781879991156
041
_a
eng
080
_a
372.3
100
_a
25
101
_a
EDU
245
_a
TALESAS TOOLS
_c
JAMES.D
942
_2
udc
_c
BK
999
_c
43513
_d
43513